| 000 | 00545nam a2200193Ia 4500 | ||
|---|---|---|---|
| 008 | 120911t2009 xxu||||| |||| 00| 0 sin d | ||
| 041 | _asin | ||
| 080 |
_a8 - 31 (eng) _bWOO |
||
| 100 | _aWoolf, Leonard | ||
| 245 | _aබැද්දේගම | ||
| 246 | _aBaddegama | ||
| 260 |
_aM. D. Gunasena _aColombo _c2009 |
||
| 300 | _b247p, 18 cm | ||
| 500 | _aSinhalese Translation of Leonard Woolf's of The Village In The Jungle | ||
| 700 |
_aGunarathna, A. P. _etr. |
||
| 942 | _cBK | ||
| 999 |
_c42012 _d42012 |
||
| 003 | LK-CoDNM | ||
| 040 |
_aLK-CoDNM _dLK-CoDNM _eLK-CoDNM |
||